000 00710nam a2200253Ia 4500
005 20260429112254.0
008 260429s9999||||xx |||||||||||||| ||und||
020 _a9780691205540
041 _aEnglish
082 _a323.4
_bODO
100 _aO'Donnell, Anne
245 0 _aPower and possession in the Russian revolution /
_cAnne O'Donnell
250 _a1st ed.
260 _aPrinceton :
_bPrinceton University Press,
_c2024.
300 _axix, 370 p.; hb
440 _aHistories of economic life
650 _a Russian revolution
650 _aRussia
700 _a Amrith, Sunil
700 _a Rothschild, Emma
700 _a Trivellato, Francesca
700 _aAdelman, jeremy
942 _cTB
999 _c53243
_d53243